Quiz sur l'Antarctique - Statistiques

Statistiques générales
  • Ce quiz a été pris 69 fois
  • Le résultat moyen est 11 sur 20
Statistiques - réponses
Question Réponse % Correct
Pôle autour duquel il est situé. Pôle Sud
98%
Océanie
91%
Continents plus petits que l'Antarctique. Europe
89%
L'Antarctique est le lieu le plus ___ sur Terre. Froid
89%
Pays le plus proche de l’Antarctique. Chili
85%
Mois le plus froid en Antarctique. Juillet
83%
Animal emblématique de l'Antarctique. Manchot
72%
Quelle est la principale activité humaine en Antarctique. Recherche
70%
Quel pays revendique la plus grande superficie en Antarctique. Australie
65%
Les aurores ___, courantes dans les zones australes, sont un phénomène lumineux visible dans le ciel nocturne près du pôle Sud. Polaires
61%
L'Antarctique parfois appelé « le Continent Austral » ou « le Continent ___ » Blanc
48%
Étendue de glace qui se forme à la surface d'une étendue d'eau. Banquise
46%
Végétation très rare essentiellement composée de ___ et de ___. Lichens
39%
Année du traité sur l'Antarctique. 1959
30%
Mousses
28%
Exploration historique qui a atteint le Pôle Sud en 1911 ? Roald Amundsen
28%
Mer bordant l'Antarctique nommée en l'honneur d'un explorateur. Mer de Ross
20%
Point culminant de l'Antarctique avec 4 892 mètres d'altitude. Mont Vinson
15%
Longue chaîne de montagnes située en Antarctique et traversant une grande partie du continent. Transantarctique
13%
Le lac ___ est le plus grand des lacs subglaciaires de l'Antarctique. Vostok
11%
Aucun quiz correspondant
Distribution des résultats
% des personnes avec chaque résultat
Percentile par nombre de réponses
Votre historique - résultats
Vous n’avez pas pris ce quiz